| 000 | 01173nas a2200241 454500 | ||
|---|---|---|---|
| 001 | 13364 | ||
| 005 | 20260407193505.0 | ||
| 008 | 260407s2013####ag###########|||spa#d | ||
| 003 | AR-UNSa-BCEJYS | ||
| 040 |
_aAR-UNSa-BCEJYS _bspa _cAR-UNSa-BCEJYS |
||
| 080 |
_a34 _xDerecho |
||
| 245 | 1 | 0 | _aLegislación Argentina |
| 264 | 1 |
_aBuenos Aires : _bAbeledo Perrot _c2013 |
|
| 310 | _aFrecuencia: Semanal | ||
| 505 | _aContiene todas las normas nacionales y provinciales necesarias para su desempeño profesional, incluyendo leyes, decretos, resoluciones y disposiciones de los diversos organismos (ministerios, secretarías, direcciones y entes) que integran la Administración Pública Nacional y de cada provincia, y acordadas y resoluciones de los principales tribunales del país; brindándole una herramienta confiable y efectiva que facilita su trabajo cotidiano. | ||
| 942 | _cSER | ||
| 590 | _aniveau_biblio:s niveau_hierar:1 | ||
| 100 | 1 | _aTuzio, Alejandro P.F. | |
| 650 | _aADMINISTRACION PUBLICA | ||
| 650 | _aDerecho | ||
| 650 | _aLegislación | ||
| 856 | 4 | 1 |
_uhttps://biblioeco.unsa.edu.ar/pmb/images/revistas/Legislaci?n Argentina.jpg _yImagen de portada _qimage/jpeg |
| 999 |
_c8460 _d8460 |
||